R. P. Osvaldo Lira SS.CC: discursos de homenaje con motivo de sus 90 años
Wedi'i Gadw mewn:
| Prif Awdur: | |
|---|---|
| Awduron Eraill: | |
| Fformat: | Llyfr |
| Iaith: | Sbaeneg |
| Cyhoeddwyd: |
Viña del Mar
Universidad Adolfo Ibáñez. Instituto de Humanidades
1985
|
| Cyfres: | Cuadernos de Humanidades, 2
|
| Pynciau: | |
| Tagiau: |
Ychwanegu Tag
Dim Tagiau, Byddwch y cyntaf i dagio'r cofnod hwn!
|
MARC
| LEADER | 00000nam a2200000 a 4500 | ||
|---|---|---|---|
| 001 | UCZ8108 | ||
| 003 | CL-VaPUC | ||
| 008 | 960112e19850000CL |||||||||||||||||spa|d | ||
| 082 | 0 | 4 | |a 370.71 |b IBA |2 21 |
| 100 | |a Ibáñez Santa María, Gonzalo |e autor |9 617146 | ||
| 700 | |a Krebs Wilckens, Ricardo |e autor |9 588021 | ||
| 245 | 1 | 0 | |a R. P. Osvaldo Lira SS.CC: discursos de homenaje con motivo de sus 90 años |
| 300 | |a 42 p | ||
| 942 | |c BK | ||
| 945 | |d 19960112 00:00:00 |a lriquelm | ||
| 260 | |a Viña del Mar |b Universidad Adolfo Ibáñez. Instituto de Humanidades |c 1985 | ||
| 650 | 0 | |a Docentes |9 311365 | |
| 650 | 0 | |a Filósofos |9 269126 | |
| 651 | 7 | |a CHILE |2 CL-VaPUC |9 353264 | |
| 583 | |a last modification |c 20130403 11:52:40 |k Rodrigo Vera | ||
| 490 | 0 | |a Cuadernos de Humanidades, 2 | |
| 999 | |c 244068 |d 244066 | ||
| 952 | |0 0 |1 0 |4 0 |6 370_710000000000000_IBA_1985 |7 0 |8 A |9 257995 |a BIBEDU |b BIBEDU |d 2019-11-19 |i 1614789 |o 370.71 IBA 1985 |p 1614789 |r 2019-11-19 |w 2019-11-19 |y BK |k EDU | ||